00285 a2200121 450000100060000000300050000608200190001110000200003024500360005026000450008630000140013150000180014590517NUST a303.495491 COH aCohen Stephan P aThe Future of PakistanhEnglish aNew DehlibOxford University Pressc2011 axv, 311p. aGeneral Books